Derecho concursal en el Código Civil y Comercial /
Guardado en:
| Autor Principal: | |
|---|---|
| Formato: | Libro |
| Idioma: | Spanish |
| Publicado: |
Ciudad Autonoma de Buenos Aires :
Erreius,
2016
|
| Edición: | 1a. ed. |
| Materias: | |
| Etiquetas: |
Agregar Etiqueta
Sin Etiquetas, Sea el primero en etiquetar este registro!
|
| LEADER | 01486nam a22004215a 4500 | ||
|---|---|---|---|
| 001 | DER.der013144 | ||
| 008 | 180615s2016####ag#||||||||||||||#||spa|| | ||
| 005 | 20241031112448.0 | ||
| 245 | 1 | 0 | |a Derecho concursal en el Código Civil y Comercial / |c Dario J. Graziabile. |
| 250 | |a 1a. ed. | ||
| 260 | |a Ciudad Autonoma de Buenos Aires : |b Erreius, |c 2016 | ||
| 300 | |a 635 p. | ||
| 020 | |a 9789873953606 | ||
| 100 | 1 | |a Graziabile, Dario J. | |
| 700 | 1 | |a Arduino, Augusto H. L., |e col. | |
| 700 | 1 | |a Arruiz, Sebastián, |e col. | |
| 700 | 1 | |a Arruiz, Mario A., |e col. | |
| 700 | 1 | |a Barreiro, Marcelo G., |e col. | |
| 700 | 1 | |a Boquin, Gabriela F., |e col. | |
| 700 | 1 | |a Casadío Martínez, Claudio A., |e col. | |
| 700 | 1 | |a Dasso, Ariel G., |e col. | |
| 700 | 1 | |a Di Lella, Nicolás J., |e col. | |
| 700 | 1 | |a Frick, Pablo D., |e col. | |
| 700 | 1 | |a García Villalonga, Julio C., |e col. | |
| 700 | 1 | |a Holand, Mario D., |e col. | |
| 700 | 1 | |a Perciavalle, Marcelo J., |e col. | |
| 700 | 1 | |a Ramos, Santiago, |e col. | |
| 700 | 1 | |a Reggiardo, Roberto S., |e col. | |
| 700 | 1 | |a Ribera, Carlos E., |e col. | |
| 700 | 1 | |a Ribichini, Guillermo E., |e col. | |
| 700 | 1 | |a Salvatori Reviriego, Gustavo J., |e col. | |
| 700 | 1 | |a Richard, Efraín H., |e col. | |
| 700 | 1 | |a Sicoli, Jorge S., |e col. | |
| 700 | 1 | |a Tropeano, Darío, |e col. | |
| 700 | 1 | |a Villoldo, J. Marcelo, |e col. | |
| 650 | 7 | |a DERECHO CONCURSAL | |
| 859 | |a DERECHO |b BIB. DERECHO |h 346.078 |i GRA |p 002326 | ||
| 859 | |a DERECHO |b BIB. DERECHO |h 346.078 |i GRA |p 008116 |t 1 | ||
